Normal view
MARC view
- المحاسبة -- معايير-- التقارير المالية -- معايير-- المحاسبة الدولية -- التقارير المالية -- المحاسبة الدولية
Entry Topical Term
001 - CONTROL NUMBER
- control field: 28456
003 - CONTROL NUMBER IDENTIFIER
- control field: JO-AjAnu
005 - DATE AND TIME OF LATEST TRANSACTION
- control field: 20230606074824.0
008 - FIXED-LENGTH DATA ELEMENTS
- fixed length control field: 230606|| aca||aabn | a|a d
040 ## - CATALOGING SOURCE
- Original cataloging agency: JO-AjAnu
- Transcribing agency: JO-AjAnu
150 ## - HEADING--TOPICAL TERM
- Topical term or geographic name entry element: المحاسبة -- معايير-- التقارير المالية -- معايير-- المحاسبة الدولية -- التقارير المالية -- المحاسبة الدولية
670 ## - SOURCE DATA FOUND
- Source citation: Work cat.: (JO-AjAnu)14607: لجنة معايير المحاسبة الدولية, author 28455, المعايير الدولية لإعداد التقارير المالية 2007: متضمنة معايير المحاسبة الدولية والتفسيرات كما هي في 1 يناير 2007